Catálogo
 En Linea

Memoria acerca de las circunstancias y principales y principales causas que provocaron los sucesos políticos ocurridos en la República desde el año de 1856 hasta el alzamiento Nacional de Inlio de 1857, dirijida por el Secretario encargado de las Relaciones Exteriores / (Registro nro. 33068)

Detalles MARC
000 -CABECERA
campo de control de longitud fija 00691nam a2200157 a 4500
001 - NÚMERO DE CONTROL
campo de control 000033577
005 - FECHA Y HORA DE LA ÚLTIMA TRANSACCIÓN
campo de control 20200930070347.0
008 - DATOS DE LONGITUD FIJA--INFORMACIÓN GENERAL
campo de control de longitud fija 110831s1859 dr 000 0 spa d
040 ## - FUENTE DE LA CATALOGACIÓN
Centro catalogador/agencia de origen DO-SdBNP
Lengua de catalogación spa
Centro/agencia transcriptor BNPHU
082 ## - NÚMERO DE LA CLASIFICACIÓN DECIMAL DEWEY
Número de clasificación xxxx
Número de documento/Ítem R426m
049 ## - FONDOS LOCALES (OCLC)
Fondos de biblioteca BNGR
110 1# - ENTRADA PRINCIPAL--NOMBRE DE ENTIDAD CORPORATIVA
Nombre de entidad corporativa o nombre de jurisdicción como elemento de entrada República Dominica.
9 (RLIN) 59072
245 10 - MENCIÓN DE TÍTULO
Título Memoria acerca de las circunstancias y principales y principales causas que provocaron los sucesos políticos ocurridos en la República desde el año de 1856 hasta el alzamiento Nacional de Inlio de 1857, dirijida por el Secretario encargado de las Relaciones Exteriores /
Mención de responsabilidad, etc. Don Pedro Santana.
260 ## - PUBLICACIÓN, DISTRIBUCIÓN, ETC.
Lugar de publicación, distribución, etc. [Santo Domingo] :
Nombre del editor, distribuidor, etc. Impreta Nacional,
Fecha de publicación, distribución, etc. 1859.
300 ## - DESCRIPCIÓN FÍSICA
Extensión 46 p. ;
Dimensiones 21 cm.
Existencias
Estado de retiro Estado de pérdida No para préstamo Código de colección Localización permanente Ubicación/localización actual Ubicación en estantería Fecha de adquisición Número de inventario Total de préstamos Signatura topográfica completa Código de barras Fecha visto por última vez Precio válido a partir de Tipo de ítem Koha
      Patrimonio Dominicano Patrimonio Dominicano Patrimonio Dominicano Orden iniciada 31.08.2011 LF1   xxxx R426m 33577-10 25.06.2020 25.06.2020 Libro y Folleto Colección Patrimonio Dominicano

Con tecnología Koha